000 01524nam a2200373Ia 4500
001 ebr10133150
003 CaPaEBR
006 m u
007 cr cn|||||||||
008 040322r20031996enk sb 001 0 eng d
010 _z 2003276029
015 _aGBA4-23869
016 7 _z1860648703
_2Uk
020 _z1860648703 (pbk.)
020 _z1850437416 (cased)
040 _aCaPaEBR
_cCaPaEBR
035 _a(OCoLC)133168330
050 1 4 _aDT365.59
_b.W66 2003eb
082 0 4 _a320.963090511
_222
100 1 _aWoodward, Peter,
_d1944-
245 1 4 _aThe Horn of Africa
_h[electronic resource] :
_bpolitics and international relations /
_cPeter Woodward.
260 _aLondon ;
_aNew York :
_bI.B. Tauris,
_c2003.
300 _aix, 230 p.
500 _aMap listed in contents missing from publication.
500 _aOriginally published: 1996, in series: International library of African studies ; v. 6.
504 _aIncludes bibliographical references (p. 214-221) and index.
533 _aElectronic reproduction.
_bPalo Alto, Calif. :
_cebrary,
_d2009.
_nAvailable via World Wide Web.
_nAccess may be limited to ebrary affiliated libraries.
650 0 _aPolitical science.
651 0 _aAfrica, Northeast
_xPolitics and government
_y1974-
651 0 _aAfrica, Northeast
_xForeign relations
_y1974-
655 7 _aElectronic books.
_2local
710 2 _aebrary, Inc.
856 4 0 _uhttp://site.ebrary.com/lib/rucke/Doc?id=10133150
_zAn electronic book accessible through the World Wide Web; click to view
999 _c79731
_d79731